[Event "1.Deut.ChessOrgAmatPok Voelklingen GrC"]
[Site "?"]
[Date "2000.10.08"]
[Round "3"]
[White "Gietzen, Daniel"]
[Black "Pillath, Marcus"]
[Result "1-0"]
[WhiteElo "1000"]
[BlackElo "1338"]
[PlyCount "59"]
[EventDate "2000.??.??"]

1. e4 c6 2. d4 d5 3. Nc3 dxe4 4. Nxe4 Bf5 5. Ng3 Bg6 6. Nf3 Nd7 7. h4 h6 8. h5
Bh7 9. Bd3 Bxd3 10. Qxd3 Ngf6 11. Bd2 e6 12. O-O-O Bd6 13. Ne4 Nxe4 14. Qxe4
Nf6 15. Qe2 O-O 16. g4 Nxg4 17. Rdg1 f5 18. Qxe6+ Kh8 19. Nh4 Rf6 20. Qe2 Qe8
21. Ng6+ Kh7 22. Qf3 Nh2 23. Qg2 Qe4 24. Rxh2 Qxg2 25. Rhxg2 Re8 26. Ne5 Bxe5
27. Rxg7+ Kh8 28. dxe5 Rfe6 29. Rxb7 Rxe5 30. Bc3 1-0

[Event "1.Deut.ChessOrgAmatPok Voelklingen GrC"]
[Site "?"]
[Date "2000.10.08"]
[Round "3"]
[White "Bruene, Gerhard Prf."]
[Black "Kuhn, Heinz"]
[Result "1-0"]
[WhiteElo "1345"]
[BlackElo "1678"]
[PlyCount "93"]
[EventDate "2000.??.??"]

1. d4 c5 2. e3 cxd4 3. exd4 Nf6 4. Nf3 a6 5. Bd3 Nc6 6. O-O Qc7 7. Nbd2 Nb4 8.
Ne4 Nxe4 9. Bxe4 d5 10. Bd3 Bg4 11. c3 Nxd3 12. Qxd3 e6 13. Re1 Bd6 14. h3 Bf5
15. Qxf5 O-O-O 16. Qd3 h6 17. Bd2 g5 18. Rec1 Bf4 19. c4 Bxd2 20. Nxd2 Qf4 21.
cxd5+ Kb8 22. Qg3 Qxg3 23. fxg3 Rxd5 24. Nb3 Rhd8 25. Rc3 a5 26. a4 e5 27. dxe5
Rxe5 28. Rac1 Re2 29. R3c2 Re5 30. g4 b6 31. Rf2 Re3 32. Nd2 Re7 33. Rc6 Re6
34. Rxe6 fxe6 35. Nf3 Kc7 36. Ne5 Rd1+ 37. Kh2 Kd6 38. Nf7+ Kd5 39. Nxh6 Kd4
40. Nf7 Ke3 41. Rf3+ Ke2 42. Nxg5 e5 43. h4 Rd4 44. Kg3 Rxa4 45. h5 e4 46. Rf4
Ke3 47. h6 1-0

[Event "1.Deut.ChessOrgAmatPok Voelklingen GrC"]
[Site "?"]
[Date "2000.10.08"]
[Round "3"]
[White "Schackmann, Ralf"]
[Black "van Hove, Ode"]
[Result "0-1"]
[WhiteElo "1000"]
[BlackElo "1447"]
[PlyCount "60"]
[EventDate "2000.??.??"]

1. d4 Nf6 2. g3 d5 3. Bg2 c6 4. Nc3 Bf5 5. f3 h6 6. e4 dxe4 7. fxe4 Bg4 8. Qd3
e6 9. a3 Bd6 10. Bf3 Bxf3 11. Nxf3 Bc7 12. Be3 Na6 13. e5 Nd5 14. Nxd5 Qxd5 15.
O-O Rd8 16. c4 Qd7 17. b4 O-O 18. c5 Bb8 19. Ra2 Nc7 20. g4 Nd5 21. g5 Nxe3 22.
Qxe3 Qe7 23. Rg2 g6 24. gxh6 Bc7 25. Qd3 Kh7 26. Ng5+ Kh8 27. Rf6 Bxe5 28.
Nxf7+ Rxf7 29. Rxf7 Qxf7 30. Rg4 Qf6 0-1

[Event "1.Deut.ChessOrgAmatPok Voelklingen GrC"]
[Site "?"]
[Date "2000.10.08"]
[Round "3"]
[White "Weinz, Andre"]
[Black "Stoeckchen, Andreas"]
[Result "0-1"]
[WhiteElo "1288"]
[BlackElo "1383"]
[PlyCount "104"]
[EventDate "2000.??.??"]

1. e4 c6 2. Nc3 d5 3. exd5 cxd5 4. Bb5+ Nc6 5. Qf3 e6 6. d4 Bd7 7. Qe3 Nf6 8.
Bxc6 Bxc6 9. Nf3 Bb4 10. Bd2 O-O 11. Ne5 Nd7 12. Nxc6 bxc6 13. Qg3 Kh8 14. O-O
Be7 15. Rae1 Bf6 16. Qg4 Qb6 17. Na4 Qxd4 18. Qxd4 Bxd4 19. c3 Bf6 20. b4 a5
21. Nc5 Nxc5 22. bxc5 Be7 23. Be3 Rfb8 24. Rb1 f6 25. Rb6 Rxb6 26. cxb6 Rb8 27.
Rb1 c5 28. Rb5 h6 29. Bxc5 Bxc5 30. Rxc5 Rxb6 31. Rc8+ Kh7 32. g3 Rb2 33. c4
dxc4 34. Rxc4 Rxa2 35. Kg2 a4 36. Kf3 a3 37. h4 Rb2 38. Rc1 Rb3+ 39. Ke4 a2 40.
Ra1 Rb2 41. f4 Kg6 42. g4 f5+ 43. gxf5+ exf5+ 44. Kf3 Kf6 45. Ke3 g5 46. fxg5+
hxg5 47. h5 f4+ 48. Kf3 Kf5 49. Rg1 Rh2 50. Rg2 a1=Q 51. h6 Qc3+ 52. Kf2 Qe3+
0-1

[Event "1.Deut.ChessOrgAmatPok Voelklingen GrC"]
[Site "?"]
[Date "2000.10.08"]
[Round "3"]
[White "Zimmer, Bernhard"]
[Black "Bastian, Stephan"]
[Result "1-0"]
[WhiteElo "729"]
[BlackElo "491"]
[PlyCount "102"]
[EventDate "2000.??.??"]

1. d4 e6 2. Nf3 d5 3. a3 c5 4. c4 dxc4 5. e4 b5 6. Nc3 cxd4 7. Nxd4 e5 8. Ndxb5
Qxd1+ 9. Nxd1 Na6 10. Bxc4 Be6 11. Nd6+ Bxd6 12. Bxa6 Nf6 13. Bb7 Rd8 14. Bc6+
Bd7 15. Bxd7+ Rxd7 16. Nc3 O-O 17. O-O Rfd8 18. b4 Bc7 19. Be3 a5 20. Nb5 Ra8
21. Nxc7 Rxc7 22. bxa5 Nxe4 23. f3 Nc3 24. Bb6 Rc6 25. Rfe1 f6 26. Kh1 Na4 27.
Rec1 Rd6 28. Rab1 Nxb6 29. Rxb6 Rxb6 30. axb6 Ra6 31. Rb1 Ra8 32. g4 Rb8 33.
Kg2 h6 34. f4 exf4 35. h4 g5 36. h5 Kf7 37. Kf3 Ke6 38. Rb5 Kd6 39. b7 Kc6 40.
Rf5 Kxb7 41. Rxf6 Rh8 42. Ke4 Kc7 43. Ke5 Re8+ 44. Kd5 Rh8 45. Ke6 Kd8 46. Kf7
Kd7 47. Kg7 Ke7 48. Ra6 Rf8 49. Ra7+ Ke6 50. Kxf8 f3 51. Kg7 Ke5 1-0

[Event "1.Deut.ChessOrgAmatPok Voelklingen GrC"]
[Site "?"]
[Date "2000.10.08"]
[Round "3"]
[White "Braun, Konstantin"]
[Black "Umla, Rudolf"]
[Result "0-1"]
[WhiteElo "491"]
[BlackElo "1617"]
[PlyCount "72"]
[EventDate "2000.??.??"]

1. e4 c5 2. Nf3 Nc6 3. d4 cxd4 4. Nxd4 Nf6 5. Nc3 e5 6. Nf3 Bb4 7. Bc4 Nxe4 8.
Bxf7+ Kxf7 9. Qd5+ Kf8 10. Qxe4 d5 11. Qd3 e4 12. Qd1 exf3 13. Qxf3+ Qf6 14.
Qxd5 Be6 15. Qd2 Rd8 16. Qe3 Kf7 17. O-O Bxc3 18. bxc3 Rhe8 19. Bb2 Bc4 20. Qc5
Bxf1 21. Rxf1 Kg8 22. c4 Qxb2 23. a4 Qb4 24. Qxb4 Nxb4 25. g3 Rd2 26. Kg2 Rxc2
27. a5 b6 28. axb6 axb6 29. h4 Ree2 30. Kf3 Nd3 31. g4 Nxf2 32. Rb1 Nxg4 33.
Kxg4 Re4+ 34. Kf5 g6+ 35. Kg5 Kg7 36. Rxb6 h6# 0-1

[Event "1.Deut.ChessOrgAmatPok Voelklingen GrC"]
[Site "?"]
[Date "2000.10.08"]
[Round "3"]
[White "Mueller, Ronny"]
[Black "Cara, Bogdan"]
[Result "1/2-1/2"]
[WhiteElo "1433"]
[BlackElo "1331"]
[PlyCount "64"]
[EventDate "2000.??.??"]

1. d4 e6 2. e4 d5 3. exd5 exd5 4. Bd3 Bd6 5. Ne2 Ne7 6. Bf4 Bf5 7. O-O O-O 8.
Re1 Nbc6 9. Bxd6 Qxd6 10. Nbc3 Bxd3 11. Qxd3 Nb4 12. Qd2 Qg6 13. Rac1 c6 14. a3
Na6 15. Nf4 Qd6 16. Nd3 Nf5 17. Ne2 Rfe8 18. c3 Re7 19. Nef4 Rae8 20. Rxe7 Rxe7
21. Re1 Kf8 22. Re5 Rxe5 23. Nxe5 f6 24. Ned3 b6 25. Qe2 Qe7 26. Qxe7+ Kxe7 27.
Kf1 Kd6 28. g4 Nh6 29. h3 Nc7 30. a4 Nf7 31. h4 Ne6 32. Nxe6 Kxe6 1/2-1/2

[Event "1.DeutChessOrgAmatPokVoelklingen GrAB"]
[Site "?"]
[Date "2000.10.09"]
[Round "4"]
[White "Bastian, Herbert"]
[Black "Augustin, Christian"]
[Result "0-1"]
[WhiteElo "2354"]
[BlackElo "2138"]
[PlyCount "65"]
[EventDate "2000.??.??"]

1. e4 d5 2. exd5 Qxd5 3. Nc3 Qa5 4. d4 c6 5. Bc4 Nf6 6. Nf3 Bf5 7. Bd2 e6 8.
Qe2 Bb4 9. a3 Nbd7 10. O-O Bxc3 11. Bxc3 Qc7 12. Ba2 O-O 13. Rac1 h6 14. Rfd1
Rfe8 15. h3 Rad8 16. Be1 Nd5 17. Nh4 Bh7 18. c4 Nf4 19. Qf1 g5 20. Nf3 Be4 21.
Rc3 Nc5 22. b4 Bd3 23. Rcxd3 Ncxd3 24. Rxd3 Nxd3 25. Qxd3 e5 26. Qf5 e4 27. Ne5
Rxd4 28. Ng4 Rd1 29. Kf1 Qd6 30. Nf6+ Kf8 31. Qc5 Qxc5 32. Nd7+ Rxd7 33. bxc5
0-1

[Event "1.DeutChessOrgAmatPokVoelklingen GrAB"]
[Site "?"]
[Date "2000.10.09"]
[Round "4"]
[White "Lang, Thorsten"]
[Black "Blasius, Stefan"]
[Result "1-0"]
[WhiteElo "2291"]
[BlackElo "1717"]
[PlyCount "43"]
[EventDate "2000.??.??"]

1. e4 e6 2. d4 d5 3. Nc3 Bb4 4. Qg4 Nf6 5. Qxg7 Rg8 6. Qh6 Rg6 7. Qe3 Nxe4 8.
a3 Nxc3 9. axb4 Ne4 10. Ne2 Nc6 11. c3 Ne7 12. Nf4 Nf5 13. Qf3 Rf6 14. h4 Qe7
15. Qd3 Ng7 16. g4 e5 17. Nxd5 Nxf2 18. Qxh7 Qd6 19. Nxf6+ Qxf6 20. Qg8+ Kd7
21. Bg5 Qf3 22. Bb5+ 1-0

[Event "1.DeutChessOrgAmatPokVoelklingen GrAB"]
[Site "?"]
[Date "2000.10.09"]
[Round "4"]
[White "Lacrosse, Marc"]
[Black "Muranyi, Karl-Jasmin"]
[Result "1-0"]
[WhiteElo "2298"]
[BlackElo "2297"]
[PlyCount "75"]
[EventDate "2000.??.??"]

1. d4 d5 2. c4 c6 3. Nf3 Bf5 4. cxd5 Bxb1 5. Rxb1 Qxd5 6. a3 Nf6 7. g3 e6 8.
Bg2 Be7 9. O-O Qd8 10. Qc2 O-O 11. e4 Nbd7 12. Rd1 Qb6 13. h3 Rfc8 14. Be3 Qd8
15. Rd2 a5 16. Ne5 Qe8 17. f4 Nxe5 18. dxe5 Nd7 19. Rbd1 Nf8 20. Bc5 Rd8 21.
Bxe7 Qxe7 22. Rd6 Qc7 23. Qc5 b6 24. Qd4 Rdc8 25. f5 Rab8 26. h4 c5 27. Qf2 c4
28. Bh3 Re8 29. Qd4 b5 30. h5 exf5 31. exf5 Qe7 32. e6 fxe6 33. fxe6 Qg5 34.
Qf4 Qxh5 35. Bg4 Qg6 36. e7 Qc2 37. Rd8 Ng6 38. Qxb8 1-0

[Event "1.DeutChessOrgAmatPokVoelklingen GrAB"]
[Site "?"]
[Date "2000.10.09"]
[Round "4"]
[White "Becker, Thomas"]
[Black "Welz, Peter Dr."]
[Result "0-1"]
[WhiteElo "2175"]
[BlackElo "2169"]
[PlyCount "78"]
[EventDate "2000.??.??"]

1. c4 f5 2. g3 Nf6 3. Bg2 g6 4. Nc3 Bg7 5. d3 O-O 6. e3 e5 7. Nge2 d6 8. O-O
Nc6 9. Nd5 Ng4 10. h3 Nh6 11. f4 Ne7 12. Rb1 c6 13. Ndc3 Nf7 14. b4 h5 15. Bd2
Kh8 16. b5 c5 17. Nd5 Nxd5 18. Bxd5 h4 19. Qe1 Bf6 20. Kh2 Rb8 21. Qf2 b6 22.
gxh4 Bxh4 23. Qf3 Qf6 24. Rg1 Be6 25. Nc3 Rg8 26. Rg2 Rg7 27. Rbg1 Rbg8 28.
Bxe6 Qxe6 29. Nd5 g5 30. fxg5 Nxg5 31. Qh5+ Rh7 32. Qe2 f4 33. Nxf4 exf4 34.
Bc3+ Rgg7 35. Rxg5 Bxg5 36. Qf3 Bh6 37. Bxg7+ Rxg7 38. Rxg7 Kxg7 39. exf4 Kf6
0-1

[Event "1.DeutChessOrgAmatPokVoelklingen GrAB"]
[Site "?"]
[Date "2000.10.09"]
[Round "4"]
[White "Morenko, Dmitro"]
[Black "Busche , Stephan"]
[Result "1/2-1/2"]
[WhiteElo "2112"]
[BlackElo "2136"]
[PlyCount "99"]
[EventDate "2000.??.??"]

1. d4 Nf6 2. Nf3 e6 3. c4 b6 4. g3 Bb7 5. Bg2 Be7 6. Nc3 Ne4 7. Qc2 Nxc3 8.
Qxc3 Bf6 9. Qd3 d5 10. cxd5 exd5 11. b4 O-O 12. Rb1 c6 13. O-O Re8 14. Re1 Na6
15. a4 Nc7 16. Be3 Ne6 17. Rec1 a5 18. bxa5 Rxa5 19. Qc2 c5 20. dxc5 Nxc5 21.
Rb4 Bc6 22. Qb1 Bxa4 23. Rxb6 Ne4 24. Qb4 Ra8 25. Bd4 Bxd4 26. Qxd4 Nf6 27. e3
Qe7 28. Qb2 Bd7 29. Nd4 Qa3 30. Qxa3 Rxa3 31. Rb7 Ra5 32. h4 Rd8 33. Bf3 Kf8
34. Kg2 Ra2 35. Rcc7 Be8 36. Nc6 Rd7 37. Rxd7 Bxd7 38. Bxd5 Bxc6 39. Bxc6 Ng4
40. Rxf7+ Kg8 41. Rf3 Rd2 42. e4 h6 43. Bd5+ Kh7 44. h5 Nf6 45. Bf7 Ng4 46.
Bg6+ Kg8 47. Rf7 Ne5 48. Re7 Nxg6 49. hxg6 Kf8 50. Re6 1/2-1/2

[Event "1.DeutChessOrgAmatPokVoelklingen GrAB"]
[Site "?"]
[Date "2000.10.09"]
[Round "4"]
[White "Berrang, Gerrit"]
[Black "Lindemann, Nils"]
[Result "1-0"]
[WhiteElo "1833"]
[BlackElo "1957"]
[PlyCount "61"]
[EventDate "2000.??.??"]

1. e4 c5 2. Nf3 d6 3. d4 cxd4 4. Nxd4 Nf6 5. Nc3 g6 6. Be3 Bg7 7. f3 O-O 8. Qd2
Nc6 9. O-O-O d5 10. Nxc6 bxc6 11. e5 Nd7 12. f4 e6 13. h4 c5 14. Bf2 f6 15.
exf6 Qxf6 16. a3 Rb8 17. Re1 Rd8 18. g4 Qf8 19. f5 gxf5 20. gxf5 Ne5 21. Qf4
Rb4 22. Qg3 Rg4 23. Qh2 Qxf5 24. Bh3 Qf4+ 25. Qxf4 Rxf4 26. Bg3 Bh6 27. Kb1 Nf3
28. Bxf4 Bxf4 29. Re2 Nd4 30. Rg2+ Kf8 31. Rf1 1-0

[Event "1.DeutChessOrgAmatPokVoelklingen GrAB"]
[Site "?"]
[Date "2000.10.09"]
[Round "4"]
[White "Wilmes, Marcel"]
[Black "Becking, Franz-Josef"]
[Result "1-0"]
[WhiteElo "1820"]
[BlackElo "2095"]
[PlyCount "46"]
[EventDate "2000.??.??"]

1. e4 Nf6 2. Nc3 Nc6 3. d4 d6 4. f3 e5 5. d5 Ne7 6. Be3 g6 7. Qd2 Bg7 8. O-O-O
O-O 9. Nge2 Ne8 10. g4 c6 11. h4 cxd5 12. Nxd5 Nxd5 13. Qxd5 Qc7 14. Nc3 Be6
15. Qd2 f6 16. h5 g5 17. h6 Bh8 18. Nd5 Qd7 19. Bc4 b5 20. Bb3 a5 21. Nb6 Qf7
22. Nxa8 a4 23. Bxe6 Qxe6 1-0

[Event "1.DeutChessOrgAmatPokVoelklingen GrAB"]
[Site "?"]
[Date "2000.10.09"]
[Round "4"]
[White "Hilpisch, Ralf"]
[Black "Packroff, Hermann"]
[Result "0-1"]
[WhiteElo "1932"]
[BlackElo "2250"]
[PlyCount "77"]
[EventDate "2000.??.??"]

1. d4 Nf6 2. c4 g6 3. Nc3 d5 4. cxd5 Nxd5 5. e4 Nxc3 6. bxc3 Bg7 7. Be3 O-O 8.
Bc4 c5 9. Ne2 Nc6 10. O-O Qc7 11. Rc1 Rd8 12. Bf4 Qd7 13. d5 Na5 14. Bd3 b6 15.
c4 e6 16. Bg5 Re8 17. f4 exd5 18. cxd5 Bb7 19. f5 Be5 20. Qe1 f6 21. Bd2 Qd6
22. Bxa5 bxa5 23. Qxa5 Bxh2+ 24. Kh1 Rac8 25. Qxa7 Re7 26. Qa3 Be5 27. Nc3 Ra8
28. Qb3 Kg7 29. g4 gxf5 30. Rxf5 Bc8 31. Rff1 f5 32. Nb5 Qh6+ 33. Kg1 fxe4 34.
Bxe4 Bh2+ 35. Kf2 Rxe4 36. Qc3+ Be5 37. Qd3 Bf5 38. Rh1 Rf4+ 39. Kg1 0-1

[Event "1.DeutChessOrgAmatPokVoelklingen GrAB"]
[Site "?"]
[Date "2000.10.09"]
[Round "4"]
[White "Mischke, Luis"]
[Black "Reinke, Kurt"]
[Result "0-1"]
[WhiteElo "2063"]
[BlackElo "1841"]
[PlyCount "36"]
[EventDate "2000.??.??"]

1. e4 c5 2. Nf3 d6 3. d4 cxd4 4. Qxd4 Nc6 5. Bb5 Bd7 6. Bxc6 Bxc6 7. Nc3 e6 8.
Bg5 Nf6 9. O-O-O Be7 10. Rhe1 h6 11. Bh4 Qc7 12. Bg3 e5 13. Qc4 Rc8 14. Rd2 O-O
15. Bh4 b5 16. Qd3 b4 17. Nd5 Bxd5 18. exd5 e4 0-1

[Event "1.DeutChessOrgAmatPokVoelklingen GrAB"]
[Site "?"]
[Date "2000.10.09"]
[Round "4"]
[White "Braun, Burckhard"]
[Black "Bertino, Paolo"]
[Result "0-1"]
[WhiteElo "1965"]
[BlackElo "2136"]
[PlyCount "54"]
[EventDate "2000.??.??"]

1. e4 d5 2. e5 c5 3. d4 Bf5 4. Nc3 e6 5. Be3 Nc6 6. Bb5 cxd4 7. Bxd4 a6 8. Ba4
f6 9. Nf3 b5 10. Bb3 Bg4 11. exf6 Nxf6 12. Ne2 Bxf3 13. gxf3 Bd6 14. c3 O-O 15.
Qd3 Kh8 16. Bc2 e5 17. Be3 e4 18. fxe4 Ne5 19. Qd1 Nf3+ 20. Kf1 Ng4 21. Qxd5
Nxe3+ 22. fxe3 Nd4+ 23. Nf4 Nxc2 24. Ke2 Qb6 25. Kd2 Nxe3 26. Qe6 Bxf4 27. Qxb6
Nc4+ 0-1

[Event "1.Deut.ChessOrgAmatPok Voelklingen Sen"]
[Site "?"]
[Date "2000.10.09"]
[Round "4"]
[White "Moeckel, Edgar Dr."]
[Black "Leschhorn, Heinrrich"]
[Result "1/2-1/2"]
[WhiteElo "2107"]
[BlackElo "1817"]
[PlyCount "63"]
[EventDate "2000.??.??"]

1. d4 f5 2. Bg5 g6 3. e3 Bg7 4. Bd3 Nf6 5. Ne2 O-O 6. Nd2 c6 7. O-O d6 8. e4
fxe4 9. Nxe4 Nxe4 10. Bxe4 Bf5 11. Ng3 Bxe4 12. Nxe4 Qd7 13. Qd2 Na6 14. Rad1
Rae8 15. Rfe1 d5 16. Nc3 e5 17. dxe5 Bxe5 18. Bh6 Bg7 19. f3 Bxh6 20. Qxh6 Qg7
21. Qg5 Nc5 22. Qd2 Qf6 23. Re2 Rxe2 24. Qxe2 Qf5 25. b3 Qf6 26. Qe3 b6 27. Ne2
Ne6 28. Re1 c5 29. Qd3 Nc7 30. Ng3 Rd8 31. Qd2 Rd6 32. Kf2 1/2-1/2

[Event "1.Deut.ChessOrgAmatPok Voelklingen Sen"]
[Site "?"]
[Date "2000.10.09"]
[Round "4"]
[White "Schampel, Arno"]
[Black "Escher, Helmut"]
[Result "0-1"]
[WhiteElo "1755"]
[BlackElo "2039"]
[PlyCount "118"]
[EventDate "2000.??.??"]

1. d4 Nf6 2. c4 c5 3. d5 b5 4. b3 g6 5. Bb2 bxc4 6. bxc4 d6 7. Nd2 Bg7 8. Rb1
O-O 9. g3 a5 10. Bg2 Na6 11. a3 Rb8 12. e4 Qc7 13. Ne2 Rb7 14. O-O Bd7 15. Qc2
Rfb8 16. f4 Ba4 17. Qc1 Bb3 18. e5 Ne8 19. Bc3 a4 20. e6 Bxc3 21. exf7+ Kxf7
22. Nxc3 Ng7 23. Nb5 Rxb5 24. cxb5 Rxb5 25. Ne4 c4 26. Ng5+ Kg8 27. Qe3 Qc5 28.
Qxc5 Nxc5 29. Rfe1 Rb7 30. Bf1 c3 31. Ne4 c2 32. Rbc1 Nxe4 33. Rxe4 Bxd5 34.
Bc4 Bxc4 35. Rxc4 Rb3 36. R4xc2 Rxa3 37. Rc7 Re3 38. R1c3 Re2 39. R7c4 h5 40.
Rxa4 Kf7 41. Rac4 Nf5 42. Rc2 Re1+ 43. Kf2 Rh1 44. Kg2 Re1 45. Kf2 Rh1 46. h4
d5 47. Rc7 Rh2+ 48. Kg1 Rh3 49. R2c3 Rxg3+ 50. Rxg3 Nxg3 51. Kg2 Nf5 52. Kh3 d4
53. Rc2 Ke6 54. Rg2 Kd5 55. Rxg6 d3 56. Rg2 Ke4 57. Rf2 Ke3 58. Kg2 d2 59. Rf3+
Ke4 0-1

[Event "1.Deut.ChessOrgAmatPok Voelklingen Sen"]
[Site "?"]
[Date "2000.10.09"]
[Round "4"]
[White "Will, Michael"]
[Black "Pukropski, Walter"]
[Result "1/2-1/2"]
[WhiteElo "1907"]
[BlackElo "1796"]
[PlyCount "42"]
[EventDate "2000.??.??"]

1. c4 g6 2. Nc3 Bg7 3. Nf3 Nf6 4. d4 O-O 5. Bf4 d6 6. Qc1 Re8 7. g3 Bf5 8. Bg2
Qc8 9. O-O c6 10. Re1 Ne4 11. Nh4 Nxc3 12. bxc3 Be6 13. d5 Bh3 14. Bh1 cxd5 15.
Rb1 Nc6 16. cxd5 Ne5 17. Rb3 b6 18. Be4 Qc7 19. Ng2 Nd7 20. Be3 Nc5 21. Bxc5
Qxc5 1/2-1/2

[Event "1.Deut.ChessOrgAmatPok Voelklingen Sen"]
[Site "?"]
[Date "2000.10.09"]
[Round "4"]
[White "Simon, Eberhard"]
[Black "Backes, Robert"]
[Result "1-0"]
[WhiteElo "1847"]
[BlackElo "1642"]
[PlyCount "60"]
[EventDate "2000.??.??"]

1. e4 e5 2. Nf3 Nc6 3. Bb5 a6 4. Ba4 Nf6 5. O-O Be7 6. d4 b5 7. dxe5 bxa4 8.
exf6 Bxf6 9. Re1 O-O 10. c3 g6 11. Qxa4 Bb7 12. Nbd2 Re8 13. Nf1 Be5 14. Bg5
Qc8 15. Rad1 h6 16. Bc1 d6 17. Qc2 Qg4 18. Ne3 Qh5 19. Nd5 Rac8 20. Nxe5 Nxe5
21. Bf4 g5 22. Be3 Ng6 23. f3 Qh4 24. Bf2 Qf4 25. b3 Bxd5 26. Rxd5 Qf6 27. Rd2
Qe5 28. Bd4 Qe7 29. Bf2 Ne5 30. Bg3 c6 1-0

[Event "1.Deut.ChessOrgAmatPok Voelklingen Sen"]
[Site "?"]
[Date "2000.10.09"]
[Round "4"]
[White "Wolf, Alfred"]
[Black "Haasper, Peter"]
[Result "1/2-1/2"]
[WhiteElo "1800"]
[BlackElo "1782"]
[PlyCount "63"]
[EventDate "2000.??.??"]

1. c4 Nf6 2. Nc3 g6 3. d4 Bg7 4. g3 O-O 5. Bg2 d6 6. e4 c6 7. Nge2 e5 8. O-O
Be6 9. b3 Qc8 10. Bb2 Bh3 11. Rc1 Bxg2 12. Kxg2 Rd8 13. Rc2 Na6 14. f3 Nc7 15.
Rd2 Bh6 16. Rd3 Ne6 17. Ba3 Nc7 18. c5 dxc5 19. Bxc5 exd4 20. Be7 Re8 21. Bxf6
dxc3 22. Nxc3 Qe6 23. Rd6 Qc8 24. e5 Bf8 25. Rd7 Nd5 26. Nxd5 Qxd7 27. Nc3 Qxd1
28. Rxd1 Bg7 29. Ne4 Kf8 30. Rd7 Bxf6 31. exf6 Rad8 32. Rxb7 1/2-1/2

[Event "1.Deut.ChessOrgAmatPok Voelklingen Sen"]
[Site "?"]
[Date "2000.10.09"]
[Round "4"]
[White "Passeier, Helmut"]
[Black "Gimber, Robert"]
[Result "1/2-1/2"]
[WhiteElo "1825"]
[BlackElo "1684"]
[PlyCount "25"]
[EventDate "2000.??.??"]

1. e4 d6 2. d4 g6 3. Nf3 Bg7 4. c3 Nf6 5. Bd3 O-O 6. Bg5 Nbd7 7. O-O e5 8. Nbd2
Qe8 9. Qc2 h6 10. Be3 Ng4 11. Rae1 Nxe3 12. fxe3 Nb6 13. d5 1/2-1/2

[Event "1.Deut.ChessOrgAmatPok Voelklingen Sen"]
[Site "?"]
[Date "2000.10.09"]
[Round "4"]
[White "Dunkel, Horst"]
[Black "Fleckner, Hans"]
[Result "0-1"]
[WhiteElo "1651"]
[BlackElo "1817"]
[PlyCount "74"]
[EventDate "2000.??.??"]

1. d4 Nf6 2. Nf3 d5 3. Bg5 e6 4. e3 Be7 5. Bd3 b6 6. O-O Bb7 7. Nbd2 O-O 8. Qe2
Ne4 9. Bxe7 Qxe7 10. Ne5 f6 11. Nef3 Nd7 12. c3 c5 13. Ba6 Bc6 14. Bb5 Bxb5 15.
Qxb5 a6 16. Qe2 f5 17. c4 Nxd2 18. Nxd2 dxc4 19. Nxc4 b5 20. Nd2 c4 21. Rfc1
Rac8 22. a4 Rc6 23. axb5 axb5 24. Qf3 Qd6 25. Ra5 Rb8 26. Rca1 b4 27. Ra8 Rbc8
28. Rxc8+ Rxc8 29. Ra8 Qc7 30. Rxc8+ Qxc8 31. Nb1 c3 32. bxc3 bxc3 33. Nxc3
Qxc3 34. g3 Qa1+ 35. Kg2 Qa5 36. Kh3 Qd5 37. Qxd5 exd5 0-1

[Event "1.Deut.ChessOrgAmatPok Voelklingen Sen"]
[Site "?"]
[Date "2000.10.09"]
[Round "4"]
[White "Fiedler, Eduard"]
[Black "Wolf, Margot"]
[Result "1-0"]
[WhiteElo "1736"]
[BlackElo "1166"]
[PlyCount "53"]
[EventDate "2000.??.??"]

1. d4 d5 2. Nf3 Nf6 3. Bg5 e6 4. e3 Be7 5. c4 c6 6. Nc3 O-O 7. Qc2 Nbd7 8. Bd3
dxc4 9. Bxc4 Nd5 10. Bxd5 Bxg5 11. Bb3 Bf6 12. O-O-O e5 13. dxe5 Be7 14. h4 Qc7
15. Ng5 g6 16. e6 Ne5 17. exf7+ Kg7 18. Nce4 h6 19. Ne6+ Bxe6 20. Bxe6 Nxf7 21.
Rd7 Qa5 22. Rxe7 b6 23. Qc4 Qe5 24. f4 Qb8 25. Bxf7 Qd8 26. Qc3+ Kh7 27. Qf6
1-0

[Event "1.Deut.ChessOrgAmatPok Voelklingen Sen"]
[Site "?"]
[Date "2000.10.09"]
[Round "4"]
[White "Scheerer, Helmut"]
[Black "Hennige, Anneliese"]
[Result "1-0"]
[WhiteElo "1851"]
[BlackElo "100"]
[PlyCount "87"]
[EventDate "2000.??.??"]

1. e4 e6 2. d4 g6 3. Nf3 Nf6 4. Bd3 Bg7 5. Nc3 O-O 6. e5 Nd5 7. Nxd5 exd5 8.
O-O Nc6 9. c3 a6 10. Be3 d6 11. exd6 Qxd6 12. h3 h6 13. Nh2 Bd7 14. f4 Rae8 15.
Qd2 f5 16. Nf3 Nd8 17. Ne5 Bc8 18. Rae1 b5 19. Qf2 Qe6 20. Qg3 Qf6 21. Nxg6 Rf7
22. Bd2 Be6 23. Ne5 Rfe7 24. Be2 Bc8 25. Bh5 Rf8 26. Rd1 c6 27. Ng6 Ne6 28.
Nxe7+ Qxe7 29. Rde1 Qd7 30. Re2 Rf6 31. Rfe1 Qe7 32. Bg6 Kh8 33. Re5 Bd7 34.
Rxf5 Be8 35. Rxf6 Bxf6 36. Bxe8 Qxe8 37. f5 Bg5 38. Rxe6 Qd7 39. Qe5+ Qg7 40.
Bxg5 hxg5 41. Re8+ Kh7 42. Re7 Qxe7 43. Qxe7+ Kh6 44. Qf7 1-0

[Event "1.Deut.ChessOrgAmatPok Voelklingen GrC"]
[Site "?"]
[Date "2000.10.09"]
[Round "4"]
[White "Kirschner, Gerhard Dr."]
[Black "Ragg, Wolfgang"]
[Result "0-1"]
[WhiteElo "1401"]
[BlackElo "1695"]
[PlyCount "20"]
[EventDate "2000.??.??"]

1. d4 Nf6 2. c4 e5 3. d5 Bc5 4. Bg5 Bxf2+ 5. Kxf2 Ng4+ 6. Ke1 Qxg5 7. Nf3 Qe3
8. Qd2 Qf2+ 9. Kd1 Ne3+ 10. Kc1 Nxf1 0-1

[Event "1.Deut.ChessOrgAmatPok Voelklingen GrC"]
[Site "?"]
[Date "2000.10.09"]
[Round "4"]
[White "Bruene, Gerhard Prf."]
[Black "Schroeder, werner"]
[Result "1/2-1/2"]
[WhiteElo "1345"]
[BlackElo "1620"]
[PlyCount "50"]
[EventDate "2000.??.??"]

1. d4 Nf6 2. Nf3 d5 3. c4 dxc4 4. Nc3 e6 5. Bg5 Be7 6. e4 O-O 7. Bxc4 c6 8. O-O
Nbd7 9. Qc2 h6 10. Bxf6 Nxf6 11. Rad1 Qc7 12. a3 b5 13. Ba2 Ba6 14. b4 Rfd8 15.
Bb1 Nh7 16. Ne2 Bb7 17. Nc3 Rac8 18. Rfe1 a5 19. d5 exd5 20. exd5 Nf8 21. Qb3
a4 22. Qa2 Bd6 23. h3 cxd5 24. Nxb5 Qe7 25. Nxd6 Rxd6 1/2-1/2

[Event "1.Deut.ChessOrgAmatPok Voelklingen GrC"]
[Site "?"]
[Date "2000.10.09"]
[Round "4"]
[White "Kemmer, Josef"]
[Black "Gietzen, Daniel"]
[Result "1-0"]
[WhiteElo "1534"]
[BlackElo "1000"]
[PlyCount "81"]
[EventDate "2000.??.??"]

1. c4 e6 2. Nc3 Nf6 3. Nf3 d5 4. e3 Be7 5. d4 O-O 6. Bd3 c5 7. O-O Nc6 8. cxd5
exd5 9. dxc5 Bxc5 10. a3 Re8 11. Qc2 Bg4 12. b4 Bf8 13. b5 Ne5 14. Nxe5 Rxe5
15. f3 Be6 16. f4 Rh5 17. f5 Bd7 18. Bb2 Qc7 19. g3 Bd6 20. Ne2 Qxc2 21. Bxc2
Ng4 22. Nf4 Rxh2 23. Bd1 Rxb2 24. Bxg4 Bxb5 25. Rfb1 Rxb1+ 26. Rxb1 Bc6 27. Bf3
Bxf4 28. gxf4 f6 29. Rd1 Rd8 30. Bh5 Kf8 31. e4 d4 32. e5 d3 33. e6 d2 34. Kf2
Ba4 35. Rb1 d1=Q 36. Bxd1 Bxd1 37. Rxb7 Bh5 38. e7+ Ke8 39. exd8=Q+ Kxd8 40.
Rxg7 Be8 41. Rxa7 1-0

[Event "1.Deut.ChessOrgAmatPok Voelklingen GrC"]
[Site "?"]
[Date "2000.10.09"]
[Round "4"]
[White "Mueller, Ronny"]
[Black "Schreiber, Winfried"]
[Result "1-0"]
[WhiteElo "1433"]
[BlackElo "1452"]
[PlyCount "57"]
[EventDate "2000.??.??"]

1. d4 c5 2. Nf3 Nc6 3. c3 cxd4 4. cxd4 e6 5. e4 a6 6. Nc3 Be7 7. Bf4 d5 8. exd5
exd5 9. a3 Nf6 10. Bd3 Bg4 11. Be2 Qb6 12. Na4 Qa7 13. Be3 O-O 14. O-O Rad8 15.
Rc1 Ne4 16. b4 Bf6 17. Nc5 Rfe8 18. h3 Bxf3 19. Bxf3 Bg5 20. Bxe4 Bxe3 21. fxe3
dxe4 22. Rf5 h6 23. Qb3 Re7 24. Nxe4 Nxd4 25. exd4 Rxd4 26. Nf2 Rd2 27. Rf1 Qd4
28. Qf3 Rd3 29. Qxd3 1-0